Bases conceptuales y metodológicas para estudios de economía espacial en Colombia : (Registro nro. 5073)

Detalles MARC
000 -LEADER
fixed length control field 01595nam a2200277Ia 4500
003 - CONTROL NUMBER IDENTIFIER
control field OSt
005 - DATE AND TIME OF LATEST TRANSACTION
control field 20200514112414.0
008 - FIXED-LENGTH DATA ELEMENTS--GENERAL INFORMATION
fixed length control field 191128s2010 ck gr 000 0dspa d
020 ## - INTERNATIONAL STANDARD BOOK NUMBER
International Standard Book Number 9789586521932
040 ## - CATALOGING SOURCE
Original cataloging agency CO-JMCR
Transcribing agency CO-JMCR
041 0# - LANGUAGE CODE
Language code of text/sound track or separate title spa
082 04 - DEWEY DECIMAL CLASSIFICATION NUMBER
Classification number 307.76 /
Item number F741b
Edition number 23
100 1# - MAIN ENTRY--PERSONAL NAME
Personal name Fortich Pacheco, Fernán José,
Relator term autor
9 (RLIN) 4323
245 10 - TITLE STATEMENT
Title Bases conceptuales y metodológicas para estudios de economía espacial en Colombia :
Remainder of title un acercamiento al análisis de las disparidades económicas regionales /
Statement of responsibility, etc. Fernán José Fortich Pacheco y José Agustín Arias Vargas
260 ## - PUBLICATION, DISTRIBUTION, ETC.
Place of publication, distribution, etc. Bogotá :
Name of publisher, distributor, etc. Escuela Superior de Administración Pública. Facultad de investigaciones,
Date of publication, distribution, etc. 2010
300 ## - PHYSICAL DESCRIPTION
Extent 160 páginas ;
Dimensions 24 cm.
504 ## - BIBLIOGRAPHY, ETC. NOTE
Bibliography, etc. note Bibliografía: páginas 151-160
505 ## - FORMATTED CONTENTS NOTE
Formatted contents note Las aristas de la economía espacial -- Los desequilibrios económicos terrritoriales y el desarrollo regional en Colombia -- La política regional en Colombia a partir de la constitución política de 1991
520 ## - SUMMARY, ETC.
Summary, etc. Este documento investigativo que estamos presentando al público ha sido posible gracias al auspicio de la Escuela Superior de Administración Pública ESAP y en particular a la apropiación de recursos de la Facultad de Investigaciones para este objeto.
650 14 - SUBJECT ADDED ENTRY--TOPICAL TERM
Topical term or geographic name entry element Planificación local
General subdivision Planificación regional
9 (RLIN) 4324
650 24 - SUBJECT ADDED ENTRY--TOPICAL TERM
Topical term or geographic name entry element Entidades territoriales
General subdivision Política económica
9 (RLIN) 4325
650 24 - SUBJECT ADDED ENTRY--TOPICAL TERM
Topical term or geographic name entry element Descentralización
General subdivision Economía regional
9 (RLIN) 4326
650 24 - SUBJECT ADDED ENTRY--TOPICAL TERM
Topical term or geographic name entry element Geografía económica
9 (RLIN) 4327
700 1# - ADDED ENTRY--PERSONAL NAME
Personal name Arias Vargas, José Agustín,
Relator term autor
9 (RLIN) 4328
942 ## - ADDED ENTRY ELEMENTS (KOHA)
Source of classification or shelving scheme Dewey Decimal Classification
Koha item type Books
Existencias
Withdrawn status Lost status Source of classification or shelving scheme Materials specified (bound volume or other part) Damaged status Not for loan Home library Current library Shelving location Date acquired Source of acquisition Cost, normal purchase price Total Checkouts Total Renewals Full call number Barcode Date last seen Date last checked out Copy number Price effective from Koha item type
    Dewey Decimal Classification Donación--15/04/2018--     Biblioteca Pública José María del Castillo y Rada Biblioteca Pública José María del Castillo y Rada General Stacks 11/28/2019 Donación 0.00 9 12 307 .76 / F741b 430001255 05/16/2024 11/23/2020 Ej.1 11/28/2019 Books